Podnikateľské stratégie v postkrízovom období
Pohľad na hľadanie nevyhnutných východísk a úsporných opatrení vo firmách a zadlženejších verejných rozpočtov v čase krízy.
Uložené v:
| Hlavný autor: | |
|---|---|
| Médium: | Kapitola |
| Jazyk: | Slovak |
| Predmet: | |
| Tagy: |
Žiadne tagy, Buďte prvý, kto otaguje tento záznam!
|
MARC
| LEADER | 00000naa a2200000 4500 | ||
|---|---|---|---|
| 001 | 0124932 | ||
| 005 | 20240502072422.9 | ||
| 041 | 0 | |a slo | |
| 044 | |a SK | ||
| 245 | 1 | 0 | |a Podnikateľské stratégie v postkrízovom období |c Ľuboš Pavelka |
| 520 | |a Pohľad na hľadanie nevyhnutných východísk a úsporných opatrení vo firmách a zadlženejších verejných rozpočtov v čase krízy. | ||
| 610 | 2 | 0 | |a stratégia podnikateľská |
| 610 | 2 | 0 | |a stratégia podniková |
| 610 | 2 | 0 | |a kríza hospodárska |
| 610 | 2 | 0 | |a opatrenia racionalizačné |
| 610 | 2 | 0 | |a banky |
| 610 | 2 | 0 | |a trh práce |
| 610 | 2 | 0 | |a reformy hospodárske |
| 100 | 1 | |a Pavelka, Ľuboš, 1962- | |